East Persia, (Record no. 552457)

000 -LEADER
fixed length control field 00577cam a22001571 4500
082 ## - DEWEY DECIMAL CLASSIFICATION NUMBER
Classification number 940.4
Author Mark DIC
-- D
100 1# - MAIN ENTRY--PERSONAL NAME
Personal name Dickson, William Edmund Ritchie,
9 (RLIN) 49522
245 10 - TITLE STATEMENT
Title East Persia,
Remainder of title a backwater of the great war,
Statement of responsibility, etc. by Brig.-General W. E. R. Dickson.
260 ## - PUBLICATION, DISTRIBUTION, ETC.
Place of publication, distribution, etc. London,
Name of publisher, distributor, etc. E. Arnold & co.,
Date of publication, distribution, etc. 1924.
300 ## - PHYSICAL DESCRIPTION
Extent viii, 279 p.
Other physical details front., plates, ports., fold. map.
Dimensions 23 cm.
526 ## - STUDY PROGRAM INFORMATION NOTE
Program name 0
Interest level 0
Reading level 0
Title point value 940_400000000000000_DIC
650 #0 - SUBJECT ADDED ENTRY--TOPICAL TERM
Topical term or geographic name entry element MCE
9 (RLIN) 379
650 #0 - SUBJECT ADDED ENTRY--TOPICAL TERM
Topical term or geographic name entry element World War, 1914-1918
Geographic subdivision Iran.
9 (RLIN) 49523
856 41 - ELECTRONIC LOCATION AND ACCESS
Uniform Resource Identifier <a href="http://www.loc.gov/catdir/toc/fy0716/24014386.html">http://www.loc.gov/catdir/toc/fy0716/24014386.html</a>
942 ## - ADDED ENTRY ELEMENTS (KOHA)
Source of classification or shelving scheme
Koha item type Book
Holdings
Withdrawn status Lost status Source of classification or shelving scheme Damaged status Not for loan Permanent Location Current Location Shelving location Date acquired Total Checkouts Full call number Barcode Date last seen Price effective from Koha item type
          Military College of Engineering (MCE) Military College of Engineering (MCE)   01/15/2015   940.4 DIC MCE-EEE/12.2 01/15/2015 01/15/2015 Book
© 2023 Central Library, National University of Sciences and Technology. All Rights Reserved.